Patterns of culture

Na minha lista:
Detalhes bibliográficos
Autor principal: Ruth Benedict
Formato: Livro
Idioma:Undetermined
Publicado em: New York Penguin Books 1934
Assuntos:
Tags: Adicionar Tag
Sem tags, seja o primeiro a adicionar uma tag!
Thư viện lưu trữ: Trung tâm Học liệu Trường Đại học Cần Thơ
LEADER 00449nam a2200181Ia 4500
001 CTU_90672
008 210402s9999 xx 000 0 und d
082 |a 572 
082 |b B461 
100 |a Ruth Benedict 
245 0 |a Patterns of culture 
245 0 |c Ruth Benedict 
260 |a New York 
260 |b Penguin Books 
260 |c 1934 
650 |a culture 
904 |i Ngọc Loan 
980 |a Trung tâm Học liệu Trường Đại học Cần Thơ